Name Bordering Countries by Flag - Statistics

General Stats
  • This quiz has been taken 22 times
  • The average score is 14 of 15
Answer Stats
Picture Answer % Correct
Belarus/Estonia/Lithuania/Russia
100%
Germany/Czechia/Slovakia/Ukraine/Belarus/Lithuania/Russia
100%
Malaysia/Myanmar/Laos/Cambodia
100%
United States/Guatemala/Belize
100%
Argentina/Brazil
94%
France/Spain
94%
Libya/Chad/Nigeria/Benin/Burkina Faso/Mali/Algeria
94%
Saudi Arabia/Oman
94%
Guatemala/El Salvador/Nicaragua
88%
Mozambique/South Africa
88%
Panama/Venezuela/Brazil/Ecuador/Peru
88%
Brazil/France/Guyana
82%
Dominican Republic
82%
Ethiopia/Djibouti/Sudan
76%
Indonesia
71%
No matching quizzes found
Score Distribution
Percent of People with Each Score
Percentile by Number Answered
Your Score History
You have not taken this quiz